[Event "Scarborough CC Howard Ridout Swiss"]
[Site "Toronto CAN"]
[Date "2007.10.18"]
[Round "6"]
[White "Perez, Michael"]
[Black "Armstrong, Robert J"]
[Result "0-1"]
[WhiteElo "1726"]
[BlackElo "1708"]
[PlyCount "52"]
[GameId "2160767910579168"]
[EventDate "2007.09.13"]
[EventType "swiss"]
[EventRounds "7"]
[EventCountry "CAN"]
[SourceTitle "EXT 2022"]
[Source "ChessBase"]
[SourceDate "2021.10.06"]
[SourceVersion "1"]
[SourceVersionDate "2021.10.06"]
[SourceQuality "1"]

1. e4 g6 2. d4 Bg7 3. f4 d6 4. Bc4 Nf6 5. e5 dxe5 6. fxe5 Nd5 7. Nf3 O-O 8. O-O Nc6 9. Ng5 Na5 10. Nxf7 Rxf7 11. Rxf7 Kxf7 12. Qf3+ Kg8 13. Qxd5+ Qxd5 14. Bxd5+ Kf8 15. Bd2 c6 16. Bxa5 cxd5 17. Nc3 Be6 18. Nb5 Rc8 19. c3 b6 20. Bb4 a5 21. Rf1+ Ke8 22. Ba3 Bd7 23. c4 Rxc4 24. b3 Rc2 25. Nd6+ exd6 26. Bxd6 Rxa2 0-1

[Event "Scarborough CC Howard Ridout Swiss"]
[Site "Toronto CAN"]
[Date "2007.10.18"]
[Round "6"]
[White "Sherman, Joshua"]
[Black "London, John"]
[Result "1-0"]
[WhiteElo "1765"]
[BlackElo "1826"]
[PlyCount "61"]
[GameId "2160767910579169"]
[EventDate "2007.09.13"]
[EventType "swiss"]
[EventRounds "7"]
[EventCountry "CAN"]
[SourceTitle "EXT 2022"]
[Source "ChessBase"]
[SourceDate "2021.10.06"]
[SourceVersion "1"]
[SourceVersionDate "2021.10.06"]
[SourceQuality "1"]

1. e4 c6 2. d4 d5 3. Nc3 dxe4 4. Nxe4 Nf6 5. Nxf6+ exf6 6. Nf3 Bg4 7. c3 Qc7 8. Bd3 Bd6 9. h3 Be6 10. O-O O-O 11. Qc2 h6 12. c4 Bf4 13. Be3 Na6 14. a3 Bxe3 15. fxe3 Qd7 16. e4 Rac8 17. Qf2 c5 18. d5 Qd6 19. Rae1 Bd7 20. e5 fxe5 21. Nxe5 Be8 22. Qf5 g6 23. Qxc8 b5 24. Nxg6 fxg6 25. Rxf8+ Kxf8 26. Qxe8+ Kg7 27. Rf1 Qf6 28. Qd7+ Kg8 29. Rxf6 Nc7 30. Bxg6 Nxd5 31. Qh7# 1-0

[Event "Scarborough CC Howard Ridout Swiss"]
[Site "Toronto CAN"]
[Date "2007.10.18"]
[Round "6"]
[White "Yuan, Yuanling"]
[Black "Villalobos, Oscar"]
[Result "1-0"]
[WhiteElo "2146"]
[BlackElo "1760"]
[PlyCount "66"]
[GameId "2160767910579170"]
[EventDate "2007.09.13"]
[EventType "swiss"]
[EventRounds "7"]
[EventCountry "CAN"]
[SourceTitle "EXT 2022"]
[Source "ChessBase"]
[SourceDate "2021.10.06"]
[SourceVersion "1"]
[SourceVersionDate "2021.10.06"]
[SourceQuality "1"]

1. e4 c5 2. Nf3 d6 3. d4 cxd4 4. Nxd4 Nf6 5. Nc3 a6 6. Be3 Ng4 7. Bc1 Nf6 8. f3 Qb6 9. Nb3 Nc6 10. Qe2 Qc7 11. Be3 Be6 12. O-O-O b5 13. Qf2 Rb8 14. Kb1 b4 15. Nd5 Bxd5 16. exd5 Ne5 17. Bxa6 Nc4 18. Ba7 Ra8 19. Bb5+ Nd7 20. Bd4 Rb8 21. Ba4 Ncb6 22. Bc6 e5 23. dxe6 fxe6 24. Bxd7+ Nxd7 25. Rhe1 e5 26. Qg3 Rc8 27. Rd2 g6 28. f4 Bh6 29. fxe5 O-O 30. exd6 Qc4 31. Rde2 Ra8 32. Qh4 Bf4 33. Re7 h6 1-0

[Event "Scarborough CC Howard Ridout Swiss"]
[Site "Toronto CAN"]
[Date "2007.10.25"]
[Round "7"]
[White "Bellomo, Joe"]
[Black "Moran-Venegas, Mario"]
[Result "1-0"]
[WhiteElo "1759"]
[BlackElo "1703"]
[PlyCount "83"]
[GameId "2160767910579171"]
[EventDate "2007.09.13"]
[EventType "swiss"]
[EventRounds "7"]
[EventCountry "CAN"]
[SourceTitle "EXT 2022"]
[Source "ChessBase"]
[SourceDate "2021.10.06"]
[SourceVersion "1"]
[SourceVersionDate "2021.10.06"]
[SourceQuality "1"]

1. e4 e5 2. Nf3 Nf6 3. d3 Nc6 4. Nc3 Be7 5. Be2 O-O 6. O-O Re8 7. a3 Bf8 8. Bg5 h6 9. Bh4 d6 10. Nd5 Be7 11. Nxe7+ Qxe7 12. Re1 Kh7 13. Qd2 Bg4 14. c3 Bxf3 15. Bxf3 Na5 16. Bd1 g5 17. Bg3 Nd7 18. b4 Nc6 19. Bg4 f6 20. d4 Qf7 21. Bf5+ Kg7 22. d5 Ne7 23. Be6 Qf8 24. h4 Rad8 25. hxg5 fxg5 26. Re3 Ng6 27. Qe2 Nf4 28. Bxf4 exf4 29. Rh3 Qf6 30. Re1 Ne5 31. f3 Ng6 32. Qd2 Ne5 33. Qd4 Rxe6 34. dxe6 Qxe6 35. Rh1 b6 36. Qd5 Qd7 37. Rd1 Re8 38. Qd4 Kg6 39. c4 Qa4 40. c5 bxc5 41. bxc5 Qxa3 42. cxd6 1-0

[Event "Scarborough CC Howard Ridout Swiss"]
[Site "Toronto CAN"]
[Date "2007.10.25"]
[Round "7"]
[White "Deiseach, Donald"]
[Black "Douglas, Richard"]
[Result "1-0"]
[WhiteElo "1906"]
[BlackElo "1728"]
[PlyCount "83"]
[GameId "2160767910579172"]
[EventDate "2007.09.13"]
[EventType "swiss"]
[EventRounds "7"]
[EventCountry "CAN"]
[SourceTitle "EXT 2022"]
[Source "ChessBase"]
[SourceDate "2021.10.06"]
[SourceVersion "1"]
[SourceVersionDate "2021.10.06"]
[SourceQuality "1"]

1. e4 Nf6 2. e5 Nd5 3. Bc4 Nb6 4. Bb3 Nc6 5. Nf3 d6 6. d4 Bg4 7. Bxf7+ Kxf7 8. Ng5+ Ke8 9. Qxg4 dxe5 10. Ne6 Qd6 11. c3 g6 12. O-O Nd7 13. Nd2 Nf6 14. Qh3 exd4 15. Nf3 Qd7 16. Bf4 Rc8 17. Rad1 h5 18. Rfe1 Bh6 19. Qg3 Kf7 20. Rxd4 Qe8 21. Rd3 Bxf4 22. Qxf4 Nd8 23. Ne5+ Kg8 24. Ng5 Qb5 25. a4 Qa6 26. Rg3 Kg7 27. Ngf3 Rh6 28. Qf5 Qe6 29. Rxg6+ Rxg6 30. Qxg6+ Kf8 31. Qh6+ Ke8 32. Ng5 Qg8 33. Ne4 Nxe4 34. Qxh5+ Nf7 35. Rxe4 Rd8 36. Rf4 Rd5 37. Rxf7 Rxe5 38. Rxe7+ Kxe7 39. Qxe5+ Kd7 40. Qd4+ Kc6 41. b4 Qb3 42. b5+ 1-0

[Event "Scarborough CC Howard Ridout Swiss"]
[Site "Toronto CAN"]
[Date "2007.10.25"]
[Round "7"]
[White "Ferreira, Alex"]
[Black "Yuan, Yuanling"]
[Result "1-0"]
[WhiteElo "2025"]
[BlackElo "2146"]
[PlyCount "53"]
[GameId "2160767910579173"]
[EventDate "2007.09.13"]
[EventType "swiss"]
[EventRounds "7"]
[EventCountry "CAN"]
[SourceTitle "EXT 2022"]
[Source "ChessBase"]
[SourceDate "2021.10.06"]
[SourceVersion "1"]
[SourceVersionDate "2021.10.06"]
[SourceQuality "1"]

1. e4 c5 2. Nf3 d6 3. d4 cxd4 4. Nxd4 Nf6 5. Nc3 g6 6. Be3 Bg7 7. Be2 Nc6 8. Qd2 Ng4 9. Bxg4 Bxg4 10. f3 Bd7 11. O-O-O O-O 12. Nxc6 bxc6 13. Bh6 Qb6 14. Bxg7 Kxg7 15. e5 Rab8 16. b3 d5 17. h4 h5 18. g4 Rh8 19. Rdg1 a5 20. Qg5 Qb4 21. gxh5 Qxc3 22. Qxe7 Rxh5 23. Rxg6+ Kxg6 24. Rg1+ Bg4 25. Rxg4+ Kh7 26. Qxf7+ Kh6 27. Rg6# 1-0

[Event "Scarborough CC Howard Ridout Swiss"]
[Site "Toronto CAN"]
[Date "2007.10.25"]
[Round "7"]
[White "Garel, Rick"]
[Black "Manalo, Pepin"]
[Result "0-1"]
[WhiteElo "1989"]
[BlackElo "1777"]
[PlyCount "84"]
[GameId "2160767910579174"]
[EventDate "2007.09.13"]
[EventType "swiss"]
[EventRounds "7"]
[EventCountry "CAN"]
[SourceTitle "EXT 2022"]
[Source "ChessBase"]
[SourceDate "2021.10.06"]
[SourceVersion "1"]
[SourceVersionDate "2021.10.06"]
[SourceQuality "1"]

1. c4 Nf6 2. Nc3 e6 3. g3 d5 4. cxd5 exd5 5. Bg2 c6 6. d4 Bb4 7. Qb3 Qe7 8. Bg5 Nbd7 9. e3 h6 10. Bxf6 Nxf6 11. Nge2 Bf5 12. O-O a5 13. a3 Bd6 14. Rac1 O-O 15. Na4 Rfe8 16. Nc5 Rab8 17. Nd3 Ne4 18. Rfd1 Ng5 19. Nef4 Bg4 20. Rd2 Nf3+ 21. Bxf3 Bxf3 22. Ne1 Bg4 23. Nfg2 Qf6 24. f3 Bh3 25. Rf2 Re7 26. Qc3 a4 27. e4 dxe4 28. fxe4 Qe6 29. e5 Bc7 30. Nf4 Qd7 31. Qb4 Bg4 32. Qxa4 Bb6 33. Nc2 Rd8 34. Qb4 Ba7 35. Kg2 Bf5 36. Re1 c5 37. dxc5 Qc6+ 38. Kg1 Bxc5 39. Qb3 Bxf2+ 40. Kxf2 Rd2+ 41. Re2 Rxc2 42. Rxc2 Bxc2 0-1

[Event "Scarborough CC Howard Ridout Swiss"]
[Site "Toronto CAN"]
[Date "2007.10.25"]
[Round "7"]
[White "Lamb, Bryan"]
[Black "Sherman, Joshua"]
[Result "1-0"]
[WhiteElo "2207"]
[BlackElo "1765"]
[PlyCount "48"]
[GameId "2160767910579175"]
[EventDate "2007.09.13"]
[EventType "swiss"]
[EventRounds "7"]
[EventCountry "CAN"]
[SourceTitle "EXT 2022"]
[Source "ChessBase"]
[SourceDate "2021.10.06"]
[SourceVersion "1"]
[SourceVersionDate "2021.10.06"]
[SourceQuality "1"]

1. c4 d5 2. cxd5 c6 3. dxc6 Nxc6 4. Nc3 e5 5. g3 Bc5 6. Bg2 Nf6 7. d3 O-O 8. Nf3 h6 9. O-O Qe7 10. Bd2 a5 11. Qc1 Be6 12. Be3 Bxe3 13. Qxe3 Ng4 14. Qd2 Rfd8 15. Rfc1 f5 16. h3 e4 17. hxg4 exf3 18. gxf5 Bxf5 19. Bxf3 Nd4 20. Bg2 Bg4 21. f3 Qc5 22. Kf1 Nf5 23. Ne4 Qb6 24. Rc5 Ne3+ 1-0

[Event "Scarborough CC Howard Ridout Swiss"]
[Site "Toronto CAN"]
[Date "2007.10.25"]
[Round "7"]
[White "Paterson, Jim"]
[Black "Fan, Yibing"]
[Result "0-1"]
[WhiteElo "1883"]
[BlackElo "1865"]
[PlyCount "48"]
[GameId "2160767910579176"]
[EventDate "2007.09.13"]
[EventType "swiss"]
[EventRounds "7"]
[EventCountry "CAN"]
[SourceTitle "EXT 2022"]
[Source "ChessBase"]
[SourceDate "2021.10.06"]
[SourceVersion "1"]
[SourceVersionDate "2021.10.06"]
[SourceQuality "1"]

1. d4 d5 2. c4 dxc4 3. Nf3 c6 4. e4 Bg4 5. Bxc4 e6 6. Be3 Nf6 7. Bd3 Nbd7 8. Nc3 Bb4 9. O-O O-O 10. h3 Bh5 11. a3 Bxc3 12. bxc3 Qa5 13. Qc2 Bxf3 14. gxf3 Qh5 15. Kg2 e5 16. Qd2 g5 17. Bxg5 Kh8 18. Bxf6+ Nxf6 19. Be2 Rg8+ 20. Kh2 Qh4 21. Qe3 Nh5 22. Rg1 Nf4 23. Rxg8+ Rxg8 24. Bf1 Qg5 0-1

[Event "Scarborough CC Howard Ridout Swiss"]
[Site "Toronto CAN"]
[Date "2007.10.25"]
[Round "7"]
[White "Villalobos, Oscar"]
[Black "Stein, Mickey"]
[Result "0-1"]
[WhiteElo "1760"]
[BlackElo "1961"]
[PlyCount "84"]
[GameId "2160767910579178"]
[EventDate "2007.09.13"]
[EventType "swiss"]
[EventRounds "7"]
[EventCountry "CAN"]
[SourceTitle "EXT 2022"]
[Source "ChessBase"]
[SourceDate "2021.10.06"]
[SourceVersion "1"]
[SourceVersionDate "2021.10.06"]
[SourceQuality "1"]

1. Nf3 f5 2. b3 d6 3. d4 Nf6 4. Bb2 g6 5. g3 Bg7 6. Bg2 O-O 7. Nbd2 Nbd7 8. O-O Re8 9. c4 e5 10. d5 a5 11. Qc2 Nc5 12. a3 Bd7 13. Rfd1 Qe7 14. e3 Ra6 15. Nb1 Rb6 16. Nfd2 Nfe4 17. Nxe4 fxe4 18. Nd2 Nxb3 19. Nxb3 Ba4 20. Qxe4 Bxb3 21. Rdb1 Qf6 22. Bd4 Bc2 23. Qxc2 Rxb1+ 24. Rxb1 exd4 25. exd4 Qxd4 26. Rxb7 Qa1+ 27. Bf1 Bd4 28. Rb1 Qxa3 29. Rd1 Qb2 30. Qxb2 Bxb2 31. Rd2 Rb8 32. c5 a4 33. cxd6 cxd6 34. Bc4 a3 35. Re2 Rb4 36. Ba2 Rd4 37. Kg2 Rd1 38. Kf3 Bd4 39. Ke4 Bc5 40. Bb3 Rd4+ 41. Ke3 Rb4+ 42. Kd2 Rxb3 0-1

[Event "Scarborough CC Howard Ridout Swiss U1700"]
[Site "Toronto CAN"]
[Date "2007.09.13"]
[Round "1"]
[White "Dattani, Dinesh"]
[Black "Zlatanov, Petar"]
[Result "1-0"]
[WhiteElo "1397"]
[BlackElo "1596"]
[PlyCount "65"]
[GameId "2160767910579179"]
[EventDate "2007.09.13"]
[EventType "swiss"]
[EventRounds "7"]
[EventCountry "CAN"]
[SourceTitle "EXT 2022"]
[Source "ChessBase"]
[SourceDate "2021.10.06"]
[SourceVersion "1"]
[SourceVersionDate "2021.10.06"]
[SourceQuality "1"]

1. d4 Nf6 2. c4 e6 3. Nf3 Bb4+ 4. Bd2 c5 5. Bxb4 cxb4 6. e3 O-O 7. Bd3 d5 8. Nbd2 Nc6 9. O-O Bd7 10. Rc1 Rc8 11. Qb3 a5 12. Ne5 Nxe5 13. dxe5 Ng4 14. Nf3 dxc4 15. Bxc4 b5 16. Bd3 Qb6 17. Rxc8 Rxc8 18. Bxh7+ Kxh7 19. Qd3+ g6 20. Qxd7 Rf8 21. Ng5+ Kg7 22. Qd6 Qa7 23. Rc1 Nxe3 24. Rc7 Rc8 25. Nxe6+ Kh6 26. Rxc8 fxe6 27. Qd2 Kg7 28. Qxe3 Qd7 29. Rc1 Qd5 30. Rc7+ Kg8 31. h3 Qd1+ 32. Kh2 Qh5 33. Qf4 1-0

[Event "Scarborough CC Howard Ridout Swiss U1700"]
[Site "Toronto CAN"]
[Date "2007.09.13"]
[Round "1"]
[White "Morra, Lui"]
[Black "Roe, Jim"]
[Result "1-0"]
[WhiteElo "1551"]
[BlackElo "1586"]
[PlyCount "103"]
[GameId "2160767910579181"]
[EventDate "2007.09.13"]
[EventType "swiss"]
[EventRounds "7"]
[EventCountry "CAN"]
[SourceTitle "EXT 2022"]
[Source "ChessBase"]
[SourceDate "2021.10.06"]
[SourceVersion "1"]
[SourceVersionDate "2021.10.06"]
[SourceQuality "1"]

1. e4 e6 2. d4 d5 3. Nc3 Nf6 4. e5 Nfd7 5. Nf3 c5 6. Bf4 Nc6 7. dxc5 Bxc5 8. Na4 Be7 9. Bd3 O-O 10. O-O f6 11. exf6 Nxf6 12. Re1 Bd6 13. Bxd6 Qxd6 14. c4 Kh8 15. Nc3 d4 16. Nb5 Qd7 17. Ng5 Re8 18. c5 h6 19. Ne4 Rf8 20. Nxf6 Rxf6 21. Qg4 e5 22. Qh5 Qf7 23. Qe2 Be6 24. Nd6 Qd7 25. Qe4 g6 26. Qh4 Kg7 27. Qg3 Bf7 28. Bb5 Bd5 29. Rxe5 Rxd6 30. cxd6 Qxd6 31. Re2 Qxg3 32. hxg3 Rf8 33. Rd1 a6 34. Bxc6 bxc6 35. Rxd4 Bxa2 36. Ra4 Bd5 37. Re7+ Rf7 38. Rxf7+ Kxf7 39. Rxa6 Ke6 40. Rb6 Kd6 41. Rb4 Ke5 42. Rh4 h5 43. g4 hxg4 44. Rxg4 Kf5 45. Rg3 Kf6 46. Kf1 Kf5 47. Ke2 g5 48. Kd3 g4 49. Re3 Bxg2 50. b4 Bd5 51. Kd4 Kf4 52. b5 1-0

[Event "Scarborough CC Howard Ridout Swiss U1700"]
[Site "Toronto CAN"]
[Date "2007.09.13"]
[Round "1"]
[White "Xie, Peter"]
[Black "Smith, Maurice"]
[Result "1/2-1/2"]
[WhiteElo "1403"]
[BlackElo "1598"]
[PlyCount "83"]
[GameId "2160767910579182"]
[EventDate "2007.09.13"]
[EventType "swiss"]
[EventRounds "7"]
[EventCountry "CAN"]
[SourceTitle "EXT 2022"]
[Source "ChessBase"]
[SourceDate "2021.10.06"]
[SourceVersion "1"]
[SourceVersionDate "2021.10.06"]
[SourceQuality "1"]

1. e4 c5 2. Nf3 d6 3. Nc3 Nf6 4. d3 Nc6 5. Be3 g6 6. g3 Bg7 7. Bg2 O-O 8. O-O Bg4 9. h3 Bd7 10. Qd2 Qc8 11. Kh2 Re8 12. Rh1 a6 13. Bh6 Bh8 14. a4 Nd4 15. Ne2 Nxf3+ 16. Bxf3 b5 17. a5 Rb8 18. Nf4 e5 19. Nh5 Nxh5 20. Bxh5 Bg7 21. Bf3 Re7 22. Bg4 Qf8 23. Bxg7 Qxg7 24. Bxd7 Rxd7 25. h4 Rf8 26. Kg2 f5 27. Rae1 Rdf7 28. Rhf1 Qf6 29. b3 Qe7 30. c4 b4 31. Ra1 f4 32. Kg1 f3 33. Qg5 Qe6 34. Kh2 Qf6 35. Rh1 Qg7 36. Kg1 h6 37. Qe3 Kh7 38. Kf1 Qf6 39. Ke1 Qe6 40. Kd2 Qd7 41. Kc2 g5 42. Kd2 1/2-1/2

[Event "Scarborough CC Howard Ridout Swiss U1700"]
[Site "Toronto CAN"]
[Date "2007.09.20"]
[Round "2"]
[White "Dattani, Dinesh"]
[Black "Samaroo, Muneshwar"]
[Result "0-1"]
[WhiteElo "1397"]
[BlackElo "1584"]
[PlyCount "126"]
[GameId "2160767910579183"]
[EventDate "2007.09.13"]
[EventType "swiss"]
[EventRounds "7"]
[EventCountry "CAN"]
[SourceTitle "EXT 2022"]
[Source "ChessBase"]
[SourceDate "2021.10.06"]
[SourceVersion "1"]
[SourceVersionDate "2021.10.06"]
[SourceQuality "1"]

1. d4 Nf6 2. c4 e6 3. Nf3 h6 4. a3 c5 5. Nc3 cxd4 6. Nxd4 Nc6 7. Nxc6 bxc6 8. e4 e5 9. b4 Be7 10. Be2 O-O 11. c5 Qc7 12. O-O Ne8 13. Bc4 d6 14. Be3 Nf6 15. cxd6 Bxd6 16. Qf3 Kh8 17. Bxh6 gxh6 18. Qxf6+ Kh7 19. Rad1 Be7 20. Qf3 f5 21. Qh5 f4 22. Bf7 Rxf7 23. Qxf7+ Kh8 24. Rd3 Ba6 25. Rh3 Qd6 26. Rd1 Qf6 27. Qxf6+ Bxf6 28. Rxh6+ Kg7 29. Rh3 Bc4 30. Rd7+ Bf7 31. Rc7 a5 32. b5 cxb5 33. Nxb5 Kg6 34. Nd6 Rb8 35. f3 Be6 36. Rch7 Bxh3 37. Rxh3 Be7 38. Nc4 Bf6 39. Kf2 a4 40. Ke2 Rb3 41. Kd2 Rb8 42. Kc3 Rb3+ 43. Kc2 Rb8 44. g3 Rb3 45. gxf4 exf4 46. e5 Bg7 47. Rh4 Rxf3 48. Rg4+ Kh7 49. e6 Rc3+ 50. Kd2 Rxc4 51. Kd3 Rd4+ 52. Kc2 Bf8 53. Kc3 Re4 54. Kd3 Re3+ 55. Kc4 f3 56. Kd4 Rxa3 57. Rf4 Bd6 58. Rf7+ Kg8 59. h4 Rb3 60. h5 a3 61. Kc4 Rb2 62. Rxf3 a2 63. Rf1 Rb1 0-1

[Event "Scarborough CC Howard Ridout Swiss U1700"]
[Site "Toronto CAN"]
[Date "2007.09.20"]
[Round "2"]
[White "Gillis, Doug"]
[Black "Termeer, Ted"]
[Result "0-1"]
[WhiteElo "1632"]
[BlackElo "1482"]
[PlyCount "47"]
[GameId "2160767910579184"]
[EventDate "2007.09.13"]
[EventType "swiss"]
[EventRounds "7"]
[EventCountry "CAN"]
[SourceTitle "EXT 2022"]
[Source "ChessBase"]
[SourceDate "2021.10.06"]
[SourceVersion "1"]
[SourceVersionDate "2021.10.06"]
[SourceQuality "1"]

1. e4 e5 2. Nf3 d6 3. d4 exd4 4. Qxd4 Nc6 5. Bb5 Bd7 6. Bxc6 Bxc6 7. Nc3 h6 8. O-O Ne7 9. Re1 Ng6 10. b3 f6 11. Bb2 Be7 12. Rad1 O-O 13. Qc4+ Kh8 14. Nd4 Bd7 15. Nd5 c6 16. Ne3 Ne5 17. Qe2 g6 18. f4 Nf7 19. Qc4 Qc8 20. f5 Ne5 21. Qe2 g5 22. Qh5 Kh7 23. Ng4 Nxg4 24. Qxg4 0-1

[Event "Scarborough CC Howard Ridout Swiss U1700"]
[Site "Toronto CAN"]
[Date "2007.09.20"]
[Round "2"]
[White "Karpik, Steve"]
[Black "Xie, Peter"]
[Result "0-1"]
[WhiteElo "1611"]
[BlackElo "1403"]
[PlyCount "78"]
[GameId "2160767910579185"]
[EventDate "2007.09.13"]
[EventType "swiss"]
[EventRounds "7"]
[EventCountry "CAN"]
[SourceTitle "EXT 2022"]
[Source "ChessBase"]
[SourceDate "2021.10.06"]
[SourceVersion "1"]
[SourceVersionDate "2021.10.06"]
[SourceQuality "1"]

1. c4 c5 2. Nf3 Nc6 3. g3 g6 4. d4 d6 5. d5 Ne5 6. Nxe5 dxe5 7. e4 Nf6 8. Bg2 Bg7 9. Be3 b6 10. Nc3 O-O 11. Qc1 Bd7 12. a4 Qc7 13. Nb5 Bxb5 14. axb5 Qd7 15. Ra6 Rfc8 16. O-O Ne8 17. Qa1 Nd6 18. b3 Qc7 19. Rd1 Rd8 20. Bh3 Nxe4 21. b4 Rdb8 22. bxc5 Nxc5 23. Bxc5 Qxc5 24. Qa2 Rb7 25. Bg2 Rd7 26. d6 Rad8 27. Rd5 Qb4 28. Rxa7 Rxd6 29. Rxe7 Rxd5 30. Bxd5 Qxe7 31. Qa6 Rxd5 32. cxd5 Qc5 33. Qa8+ Bf8 34. Qc6 Bd6 35. Qe8+ Kg7 36. Qc6 Kf6 37. g4 e4 38. Kg2 Qxc6 39. dxc6 Ke6 0-1

[Event "Scarborough CC Howard Ridout Swiss U1700"]
[Site "Toronto CAN"]
[Date "2007.09.20"]
[Round "2"]
[White "Morra, Lui"]
[Black "Mesiti, Silvano"]
[Result "0-1"]
[WhiteElo "1551"]
[BlackElo "1698"]
[PlyCount "90"]
[GameId "2160767910579186"]
[EventDate "2007.09.13"]
[EventType "swiss"]
[EventRounds "7"]
[EventCountry "CAN"]
[SourceTitle "EXT 2022"]
[Source "ChessBase"]
[SourceDate "2021.10.06"]
[SourceVersion "1"]
[SourceVersionDate "2021.10.06"]
[SourceQuality "1"]

1. e4 e5 2. Nf3 d6 3. d4 exd4 4. Nxd4 Nc6 5. Bc4 Nf6 6. Nc3 Be7 7. Be3 O-O 8. O-O a6 9. a4 Ng4 10. Bf4 Nxd4 11. Qxd4 Bf6 12. Qd2 Be6 13. Nd5 Be5 14. Bxe5 dxe5 15. Qc3 c6 16. Nb4 Bxc4 17. Qxc4 Qh4 18. h3 Nf6 19. f3 Nh5 20. Nd3 Rfe8 21. Qc5 Ng3 22. Rf2 Qf6 23. c3 Rad8 24. Qe3 Nh5 25. f4 exf4 26. Nxf4 Nxf4 27. Rxf4 Qe6 28. Raf1 f6 29. Qg3 Kh8 30. h4 Qd6 31. Qg4 Re5 32. h5 Rg5 33. Qf3 h6 34. Qe3 Rxh5 35. Qb6 Rd7 36. b4 Kh7 37. Qa7 Qd2 38. R4f2 Qxc3 39. Qb8 Qe5 40. Qxe5 Rxe5 41. Re2 Rd4 42. Rb2 Rdxe4 43. Rd1 Re1+ 44. Rxe1 Rxe1+ 45. Kf2 Re4 0-1

[Event "Scarborough CC Howard Ridout Swiss U1700"]
[Site "Toronto CAN"]
[Date "2007.09.20"]
[Round "2"]
[White "Smith, Maurice"]
[Black "Lai, Jonathan"]
[Result "0-1"]
[WhiteElo "1598"]
[BlackElo "1515"]
[PlyCount "72"]
[GameId "2160767910579187"]
[EventDate "2007.09.13"]
[EventType "swiss"]
[EventRounds "7"]
[EventCountry "CAN"]
[SourceTitle "EXT 2022"]
[Source "ChessBase"]
[SourceDate "2021.10.06"]
[SourceVersion "1"]
[SourceVersionDate "2021.10.06"]
[SourceQuality "1"]

1. d4 Nf6 2. c4 e6 3. Nf3 Bb4+ 4. Bd2 Bxd2+ 5. Nbxd2 O-O 6. e3 d6 7. Bd3 Nbd7 8. O-O b6 9. e4 Bb7 10. Rc1 c5 11. d5 e5 12. Ne1 Bc8 13. Nc2 Nb8 14. Ne3 Na6 15. a3 Re8 16. Bc2 Bd7 17. Re1 Nc7 18. Ndf1 b5 19. Ng3 Rb8 20. Ngf5 Bxf5 21. Nxf5 bxc4 22. Ba4 Rf8 23. Qd2 Na8 24. Rxc4 Nb6 25. Qg5 g6 26. Rc3 Nxa4 27. Rh3 Kh8 28. Nh6 Ng8 29. Qe3 Qf6 30. Rf3 Qg7 31. Nxg8 Kxg8 32. b4 cxb4 33. axb4 Rxb4 34. Qxa7 f5 35. Qa5 Qb7 36. h3 Ra8 0-1

[Event "Scarborough CC Howard Ridout Swiss U1700"]
[Site "Toronto CAN"]
[Date "2007.09.27"]
[Round "3"]
[White "Jizan, Masoud"]
[Black "Arfin, Sam"]
[Result "1-0"]
[WhiteElo "1596"]
[BlackElo "1544"]
[PlyCount "63"]
[GameId "2160767910579188"]
[EventDate "2007.09.13"]
[EventType "swiss"]
[EventRounds "7"]
[EventCountry "CAN"]
[SourceTitle "EXT 2022"]
[Source "ChessBase"]
[SourceDate "2021.10.06"]
[SourceVersion "1"]
[SourceVersionDate "2021.10.06"]
[SourceQuality "1"]

1. d4 Nf6 2. c4 e6 3. Nc3 Bb4 4. Nf3 Bxc3+ 5. bxc3 b6 6. e3 Ba6 7. Ne5 Nc6 8. Ba3 Nxe5 9. dxe5 Ng8 10. Qg4 g6 11. Qd4 Ne7 12. Bd3 Nc6 13. Qf4 g5 14. Qg3 f5 15. f4 Na5 16. Qf3 g4 17. Qe2 c5 18. O-O-O Qc7 19. e4 fxe4 20. Bxe4 O-O-O 21. Bd3 Rhf8 22. Qxg4 Bxc4 23. g3 Bxa2 24. Ba6+ Kb8 25. Qe2 Bd5 26. Rhg1 Qc6 27. Bb5 Bf3 28. Qd3 Qa8 29. Qd6+ Kb7 30. Qd3 Bxd1 31. Ba6+ Kc7 32. Qd6# 1-0

[Event "Scarborough CC Howard Ridout Swiss U1700"]
[Site "Toronto CAN"]
[Date "2007.09.27"]
[Round "3"]
[White "Philip, Andrew"]
[Black "Morra, Lui"]
[Result "0-1"]
[WhiteElo "1660"]
[BlackElo "1551"]
[PlyCount "89"]
[GameId "2160767910579189"]
[EventDate "2007.09.13"]
[EventType "swiss"]
[EventRounds "7"]
[EventCountry "CAN"]
[SourceTitle "EXT 2022"]
[Source "ChessBase"]
[SourceDate "2021.10.06"]
[SourceVersion "1"]
[SourceVersionDate "2021.10.06"]
[SourceQuality "1"]

1. d4 d5 2. Bg5 g6 3. e3 Bg7 4. Nd2 c5 5. c3 Nf6 6. Ngf3 O-O 7. dxc5 Qc7 8. Nb3 Rd8 9. Bf4 Qc6 10. Nfd4 Qe8 11. Bc7 Rd7 12. Bxb8 Rxb8 13. Bb5 e5 14. Ne2 a6 15. Bxd7 Bxd7 16. O-O Bg4 17. f3 Bf5 18. Ng3 Be6 19. e4 dxe4 20. Nxe4 Nxe4 21. fxe4 Rd8 22. Qc2 Bc4 23. Rfd1 Rxd1+ 24. Rxd1 Qc6 25. Kh1 Qb5 26. Rd8+ Bf8 27. Qd2 Bxb3 28. Qd3 Qxd3 29. Rxd3 Bxa2 30. Rd8 Bb1 31. b4 Bxe4 32. Kg1 Kg7 33. Kf2 Be7 34. Rd2 Bc6 35. g3 Bg5 36. Rd6 e4 37. h4 Bc1 38. Ke2 e3 39. Rxc6 bxc6 40. c4 Kf6 41. b5 axb5 42. cxb5 cxb5 43. c6 Ke7 44. Kd1 Bd2 45. Kc2 0-1

[Event "Scarborough CC Howard Ridout Swiss U1700"]
[Site "Toronto CAN"]
[Date "2007.09.27"]
[Round "3"]
[White "Samaroo, Muneshwar"]
[Black "Lai, Jonathan"]
[Result "0-1"]
[WhiteElo "1584"]
[BlackElo "1515"]
[PlyCount "76"]
[GameId "2160767910579190"]
[EventDate "2007.09.13"]
[EventType "swiss"]
[EventRounds "7"]
[EventCountry "CAN"]
[SourceTitle "EXT 2022"]
[Source "ChessBase"]
[SourceDate "2021.10.06"]
[SourceVersion "1"]
[SourceVersionDate "2021.10.06"]
[SourceQuality "1"]

1. e4 c5 2. Nf3 d6 3. Bc4 e6 4. Nc3 Nf6 5. O-O Be7 6. a3 O-O 7. d3 Bd7 8. Bg5 Nc6 9. Re1 Qc7 10. Bf4 a6 11. h3 b5 12. Ba2 Rac8 13. Qd2 e5 14. Be3 Na5 15. Nd5 Nxd5 16. exd5 c4 17. dxc4 Nxc4 18. Bxc4 Qxc4 19. c3 Qc7 20. Bg5 f6 21. Bh4 Qb7 22. Rad1 Rfe8 23. Qd3 Bd8 24. b4 Bb6 25. Nd2 Rc7 26. g4 Rec8 27. Rc1 Bd4 28. Nb1 Qxd5 29. Rcd1 Bc6 30. Re4 Qxe4 31. Qxe4 Bxe4 32. cxd4 Rc1 33. Rxc1 Rxc1+ 34. Kh2 Rxb1 35. dxe5 dxe5 36. g5 Rh1+ 37. Kg3 Rg1+ 38. Kh2 Rg2+ 0-1